| 000 | 00809nam a2200325Ia 4500 | ||
|---|---|---|---|
| 008 | 210210b2010 xxu||||| |||| 00| 0 eng d | ||
| 020 | _a813160330X | ||
| 041 | _aeng | ||
| 082 | _a321.8 KUMQ | ||
| 100 | _aKUMAR (Anand) | ||
| 245 | _aQuest for participatory democracy: towards understanding the approach of Gandhi and Jayaprakash Narayan | ||
| 260 |
_aJaipur _bRawat Publications _c2010 |
||
| 300 | _ax,425 | ||
| 650 | _aunderstanding | ||
| 650 | _atowards | ||
| 650 | _athe | ||
| 650 | _aQuest | ||
| 650 | _aparticipatory | ||
| 650 | _aof | ||
| 650 | _aNarayan | ||
| 650 | _aJayaprakash | ||
| 650 | _aGandhi | ||
| 650 | _afor | ||
| 650 | _ademocracy: | ||
| 650 | _aapproach | ||
| 650 | _aand | ||
| 690 | _aModern Governments | ||
| 700 | _aTIWARI (Manish) Ed | ||
| 906 | _a065077 | ||
| 999 |
_c142577 _d142577 |
||